| 000 | 00748nam a2200229Ia 4500 | ||
|---|---|---|---|
| 008 | 191130s2007##################000#0#eng## | ||
| 020 | _a9780521810203 | ||
| 022 | _a2005032691 | ||
| 040 |
_aACL _cACL |
||
| 082 | _a332.10943 FOH | ||
| 100 | _aFohlin, Caroline | ||
| 245 |
_aFinance capitalism and Germany's rise to industrial power _cCaroline Fohlin |
||
| 260 |
_aCambridge _bCambridge University Press _c2007 |
||
| 300 | _axii, 392 p. : ill. ; 24 cm | ||
| 500 | _aIncludes bibliographical references (p. 349-372) and index | ||
| 650 | _aBanks and banking - Germany | ||
| 650 | _aIndustrialization - Germany | ||
| 650 | _aUniversal banks - Germany | ||
| 990 | _a9f771938ac10000c519fd1254ea0a16f | ||
| 991 | _a33772 | ||
| 999 |
_c183526 _d183526 |
||